000 00390 a2200169 4500
001 157557
020 _a978-85-445-0190-0
040 _cEscola São Tomás de Aquino
100 _aNara, Vidal
240 1 0 _aAs cores do arco-íris
_lpor
245 1 0 _aAs cores do arco-íris
300 _a144
362 0 _a2019
440 1 _aDimensão
697 _aLITERATURA BRASILEIRA
942 _cBK
999 _c157557
_d157557